Lover Tracklist TS - Statistiques

Statistiques générales
  • Ce quiz a été pris 10 fois
  • Le résultat moyen est 14 sur 18
Statistiques - réponses
Réponse % Correct
Cruel Summer
100%
Daylight
100%
Afterglow
100%
Lover
100%
I Forgot That You Existed
90%
Paper rings
90%
The Archer
90%
You Need To Calm Down
90%
Cornelia Street
80%
ME!
80%
Miss Americana and The Heartbreak Prince
80%
The Man
80%
It's Nice To Have A Friend
70%
Soon You'll Get Better
70%
False God
60%
London Boy
60%
Death By A Thousand Cuts
50%
I Think He Knows
50%
Aucun quiz correspondant
Distribution des résultats
% des personnes avec chaque résultat
Percentile par nombre de réponses
Votre historique - résultats
Vous n’avez pas pris ce quiz